| 000 | 00691nam a2200241 a 4500 | ||
|---|---|---|---|
| 005 | 20210219153436.0 | ||
| 008 | 991125n 000 0 u | ||
| 035 | _aUPN01000100116 | ||
| 100 | _aRiordan, Cornelius | ||
| 222 | _aREVIEW OF HIGHER EDUCATION | ||
| 245 | _aSingle-and mixed-gender colleges for women : education and occupational outcomes | ||
| 300 | _a327-346 | ||
| 362 | _a1992 15, No. 3 | ||
| 505 | _aMayo 1993 | ||
| 653 | 0 | _aCOEDUCACION | |
| 653 | 0 | _aCOLEGIOS DE SEXOS UNICOS | |
| 653 | 0 | _aEDUCACION DE MUJERES | |
| 653 | 0 | _aLOGRO EDUCATIVO | |
| 653 | 0 | _aMODELOS DE EMPLEO | |
| 653 | 0 | _aRESULTADOS DE LA EDUCACION | |
| 904 |
_aAC _b037927 |
||
| 905 | _aArticulo | ||
| 999 |
_c76968 _d76968 |
||